000 01070nab a2200253 4500
003 AR-RoBPED
005 20260401113735.0
008 260401b |||||||| |||| 00| 0 spa d
040 _aAR-RoBPED
041 _aspa
100 1 _aWolf, Carolina M.
_930682
_ePsicoanalista y profesora de Educación Primaria
245 1 _aAislamiento y uso excesivo de pantalas en niños y adolescentes /
260 _aBuenos Aires :
_bNoveduc,
_c2025
300 _a14-15 p.
500 _aEste trabajo explora el uso excesivo de pantallas en niños y adolescentes y sus posibles efectos en la subjetividad. También destaca el papel de docentes y familias en el manejo responsable de las herramientas tecnológicas.
650 7 _aADOLESCENTES
_92906
650 0 _aVIRTUALIDAD
_925936
650 7 _aADICCIONES
_910415
650 7 _aNIÑOS
_962
650 7 _aDOCENTES
_9344
773 0 _020414
_941867
_dBuenos Aires : Noveduc, 1993-
_tNovedades Educativas
_w(AR-RoBPED)20414
_x03283534
942 _2udc
_cREV
_h37(05)
_mNov 86 N° 400 (Feb.2025)
_ak.32494
945 _amar 03/2026
999 _c32494
_d32494